00630nam a22001697a 4500003000400000005001700004008004100021040001800062100003700080245016100117260002100278650002500299650001600324650003700340700002600377856005700403OSt20240905135135.0240905b ||||| |||| 00| 0 eng d cAIMIT LIBRARY aDSouza, Rohan Lawrence.e2216163 aWorking capital management of selected packaging companies :a comparative study /ba comparative study /cBy Rohan Lawrence DSouza ; Guided by Justin James. aManipal ;c2024. aConceptual framework aData source aData analysis and interpretation aJames, Justin.eGuide 3Manipal Utility Packaging Solutions Private Limited.